000 00414nam a2200133 i 4500
001 52951
003 ES-MaACL
007 t|
008 030930s1877 be ||||1| fre d
100 1 _aDollfus, Gustave-Frédéric.
_945032
245 1 0 _aValvata disjunta
_b: espece nouvelle des meulieres superieures des environs de Paris /
_cG. Dollfus.
260 _aBruxelles :
_b[s.n.],
_c1877.
852 _aES-MaACL
_jT-962-F-13
999 _c52951
_d52951